000
00314nam a2200109Ia 4500
008
200302s9999 xx 000 0 und d
100
_a
Francisco Asensio Cerver
245
_a
World of Environmental design Business and Corporation Parks. Roof Gardens
260
_b
Paco Asensio
260
_c
1994
300
_a
255 P.,
999
_c
1921
_d
1921